Datum a čas kvízu
27
Celkem bodů
Celkový počet nahraných bodů na tomto kvízu bez doplňovacích otázek.
4.
Pořadí na kvízu
Konečné umístění týmu na tomto kvízu.
Zaznamenané odpovědi
| # | Otázka | Odpověď | Body | Výsledky |
|---|---|---|---|---|
| 1. | Policejní prezident Tomáš Tuhý... | 1 | ||
| 2. | Ve středu byla odhalena nejvyš... | 1 | ||
| 3. | Ve čtvrtek vstoupil do našich... | 0 | ||
| 4. | Rodící se největší pojišťovna... | 0 | ||
| 5. | Jedna z největších legend svéh... | 1 | ||
| 6. | Pokud jste na titulní otázku o... | 0 | ||
| 7. | Herci Tobinu Bellovi přinesla... | 0 | ||
| 5. | Nejúspěšnějším hororem, co do... | 0 | ||
| 5. | Jak se jmenuje představitel hl... | 0 | ||
| 10. | Shaun je hospodský povaleč, co... | 0 |